000 00352 a2200157 4500
001 151425
040 _cEscola São Tomás de Aquino
100 _aROCHA, Ruth
240 1 0 _aA cinderela das bonecas
_lpor
245 1 0 _aA cinderela das bonecas
300 _a28
362 0 _a2004
440 1 _aFTD
697 _a*LITERATURA INFANTO
942 _cBK
999 _c151425
_d151425